El mundo del jardín de infantes: una oportunidad para el niño

Guardat en:
Dades bibliogràfiques
Autor principal: Vogt, Willi (Autor)
Format: Llibre
Idioma:espanyol
Publicat: Buenos Aires Kapelusz 1976
Col·lecció:Biblioteca de cultura pedagógica, 152
Matèries:
Etiquetes: Afegir etiqueta
Sense etiquetes, Sigues el primer a etiquetar aquest registre!

MARC

LEADER 00000nam a2200000 a 4500
001 UCW4784
003 CL-VaPUC
008 900814e19760000AG |||||||||||||||||spa|d
082 0 4 |a 372.21  |b VOG  |2 21 
100 0 |a Vogt, Willi  |e author  |9 309590 
245 1 3 |a El mundo del jardín de infantes: una oportunidad para el niño 
300 |a 111 p 
942 |c BK 
945 |d 19900814 00:00:00 
260 |a Buenos Aires  |b Kapelusz  |c 1976 
650 0 |a Educación preescolar  |9 260381 
650 0 |a Jardines infantiles  |9 307427 
583 |a last modification  |c 19900814 00:00:00  |k Rodrigo Vera 
490 0 |a Biblioteca de cultura pedagógica, 152 
999 |c 218405  |d 218403 
952 |0 0  |1 0  |4 0  |6 372_210000000000000_VOG_1976  |7 0  |8 P  |9 207909  |a BIBEDU  |b BIBEDU  |c BIBEDU_PB  |d 2019-11-15  |i 2757559  |o 372.21 VOG 1976  |p 2757559  |r 2024-01-25  |w 2019-11-15  |y BK  |k EDU 
952 |0 0  |1 0  |4 0  |6 372_210000000000000_VOG_1976  |7 0  |8 P  |9 207910  |a BIBEDU  |b BIBEDU  |c BIBEDU_PB  |d 2019-11-15  |i 2757567  |o 372.21 VOG 1976  |p 2757567  |r 2024-01-25  |w 2019-11-15  |y BK  |k EDU 
952 |0 0  |1 0  |4 0  |6 372_210000000000000_VOG_1976  |7 0  |8 P  |9 207911  |a BIBEDU  |b BIBEDU  |c BIBEDU_PB  |d 2019-11-15  |i 2757575  |o 372.21 VOG 1976  |p 2757575  |r 2024-01-25  |w 2019-11-15  |y BK  |k EDU 
952 |0 0  |1 0  |4 0  |6 372_210000000000000_VOG_1976  |7 0  |8 P  |9 207912  |a BIBEDU  |b BIBEDU  |c BIBEDU_PB  |d 2019-11-15  |i 2757583  |o 372.21 VOG 1976  |p 2757583  |r 2024-01-25  |w 2019-11-15  |y BK  |k EDU 
952 |0 0  |1 0  |4 0  |6 372_210000000000000_VOG_1976  |7 0  |8 P  |9 207913  |a BIBEDU  |b BIBEDU  |c BIBEDU_PB  |d 2019-11-15  |i 2757591  |o 372.21 VOG 1976  |p 2757591  |r 2024-01-25  |w 2019-11-15  |y BK  |k EDU